000 00380nam a2200169Ia 4500
008 230524s9999 xx 000 0 und d
082 _a576
_bPEL
100 _aM.J.Pelczar
245 0 _aMicrobiology
250 _a5TH
260 _aNEW DELHI
_bTMH
_c2005
300 _aVI;903
500 _aQuantity Number: 2
650 _aBiomedical
700 _a E.C.S.Chan
942 _cBK
999 _c32034
_d32034